00561nam a2200157Ia 4500008004100000100001900041245010500060245001900165260005900184300000900243650001800252650001500270856002600285999001900311952007300330170221s9999 xx 000 0 und d aS. Arulchelvan aNew media communication strategies for election campaigns: Experiences of Indian political parties  cS. Arulchelvan bOnline Journal of Communication and Media Technologies a20 : xCommunication xMedia Arts uhttp://www.ojcmt.net/ c309080d309080 001040aCLbCLd2017-02-21l0r2017-02-21 00:00:00w2017-02-21yFOJ